Creative romance. (Record no. 17074)

000 -LEADER
fixed length control field 00468nam a2200169 a 4500
001 - CONTROL NUMBER
control field :::00020778$&:&@@
003 - CONTROL NUMBER IDENTIFIER
control field OkBaRHE
005 - DATE AND TIME OF LATEST TRANSACTION
control field 20030506142107.0
008 - FIXED-LENGTH DATA ELEMENTS--GENERAL INFORMATION
fixed length control field s1991 j 000 0 eng u
040 ## - CATALOGING SOURCE
Transcribing agency
100 1# - MAIN ENTRY--PERSONAL NAME
Personal name Fields, Doug
245 10 - TITLE STATEMENT
Title Creative romance.
260 ## - PUBLICATION, DISTRIBUTION, ETC. (IMPRINT)
Place of publication, distribution, etc Eugene, OR
Name of publisher, distributor, etc Harvest House
Date of publication, distribution, etc 1991
300 ## - PHYSICAL DESCRIPTION
Extent 133 p.
942 ## - ADDED ENTRY ELEMENTS (KOHA)
Source of classification or shelving scheme
Koha item type Books
Copies
Barcode Withdrawn status Date acquired Koha item type Price effective from Date last seen Full call number Not for loan Copy number Permanent Location Damaged status Shelving location Source of classification or shelving scheme Lost status
20778 2010-04-14Books2010-04-142010-04-14HQ 734 .F428 1RHEMA Bible Training College General Stacks